Daily Capital City Riddle #178 - Statistics

General Stats
  • This quiz has been taken 26 times
  • The average score is 28 of 34
Answer Stats
Type Answer % Correct
Correctly Placed Letter A
100%
Found Letter A
100%
Alphabet Letter E
100%
Alphabet Letter I
100%
Alphabet Letter L
100%
Alphabet Letter S
100%
Correctly Placed Letter A
95%
Alphabet Letter B
95%
Alphabet Letter C
95%
Found Letter N
95%
Alphabet Letter R
95%
Found Letter G
89%
Found Letter M
89%
Alphabet Letter O
89%
Alphabet Letter D
84%
Alphabet Letter H
84%
Correctly Placed Letter M
84%
Correctly Placed Letter N
84%
Alphabet Letter P
84%
Alphabet Letter T
84%
Alphabet Letter W
84%
Found Letter U
79%
Alphabet Letter V
79%
Correctly Placed Letter A
74%
Alphabet Letter J
74%
Alphabet Letter X
74%
Alphabet Letter Y
74%
Alphabet Letter Z
74%
Alphabet Letter Q
68%
Alphabet Letter F
63%
Correctly Placed Letter G
63%
Alphabet Letter K
63%
Mystery Capital Managua
63%
Correctly Placed Letter U
63%
No matching quizzes found
Score Distribution
Percent of People with Each Score
Percentile by Number Answered
Your Score History
You have not taken this quiz